[Event "11. Lichtenberger Sommer"]
[Site "Berlin"]
[Date "2012.08.18"]
[Round "1.60"]
[White "Kranch, Klaus"]
[Black "Meyer, Ulrich"]
[Result "0-1"]
[WhiteElo "1770"]
[BlackElo "2069"]
[PlyCount "124"]
[EventDate "2012.??.??"]
[WhiteTeam "SC Rochade e.V."]
[BlackTeam "Schachclub Sendenhorst e.V."]

1. d4 d5 2. c4 dxc4 3. e3 Bf5 4. Bxc4 Nf6 5. Nc3 e6 6. a3 Be7 7. Nf3 Nbd7 8.
O-O O-O 9. Bd3 Bxd3 10. Qxd3 c6 11. Rd1 Qa5 12. Bd2 Qh5 13. e4 Rfd8 14. Qe2 Nb6
15. Bf4 Rd7 16. Rd2 Rad8 17. Rad1 Ne8 18. Ne5 Qxe2 19. Nxe2 Rc7 20. Nf3 Bd6 21.
e5 Be7 22. Rc2 Rcd7 23. b4 Nc7 24. Bg3 Nb5 25. Rd3 Ra8 26. Bf4 Nxa3 27. Rxa3
Bxb4 28. Rb3 Nd5 29. Bd2 Be7 30. Nc3 Nb4 31. Rcb2 a5 32. Na4 Rdd8 33. Nc3 b5
34. Ne4 Nd5 35. Nc5 a4 36. Ra3 Nb6 37. Rc2 Nc4 38. Rxc4 bxc4 39. Rxa4 Bxc5 40.
Rxa8 Rxa8 41. dxc5 Ra1+ 42. Ne1 Ra3 43. Kf1 f6 44. f4 Kf7 45. Ke2 Kg6 46. Nc2
Rd3 47. Nb4 Rd7 48. Nxc6 Rc7 49. Nd4 fxe5 50. Nxe6 Re7 51. Nf8+ Kf5 52. Nxh7
exf4+ 53. Kf3 g5 54. Nf8 Rf7 55. c6 Rxf8 56. c7 g4+ 57. Kf2 Ke4 58. Bb4 Rc8 59.
Ba5 Kd3 60. Ke1 c3 61. Kd1 Ra8 62. Ke1 g3 0-1

[Event "11. Lichtenberger Sommer"]
[Site "Berlin"]
[Date "2012.08.18"]
[Round "1.61"]
[White "Schulz, Hartmut"]
[Black "Jachym, Christoph"]
[Result "1-0"]
[WhiteElo "2081"]
[BlackElo "1629"]
[PlyCount "51"]
[EventDate "2012.??.??"]
[WhiteTeam "SC Rotation Pankow e.V."]
[BlackTeam "SC Zugzwang 95 e.V."]

1. d4 d5 2. c4 Nc6 3. Nf3 Bg4 4. e3 e5 5. dxe5 Bb4+ 6. Bd2 dxc4 7. Bxc4 Bxf3 8.
Qxf3 Nxe5 9. Bxf7+ Nxf7 10. Bxb4 Qd3 11. Qe2 Qe4 12. Qb5+ c6 13. Qxb7 Rd8 14.
O-O Rd7 15. Qb8+ Rd8 16. Qf4 Qc2 17. Bc3 Nf6 18. Bxf6 gxf6 19. Nc3 Qxb2 20. Ne4
Ke7 21. Rab1 Qe5 22. Rb7+ Ke6 23. Qg4+ f5 24. Qh4 Qg7 25. Rxf7 Qg6 26. Rf6+ 1-0

[Event "11. Lichtenberger Sommer"]
[Site "Berlin"]
[Date "2012.08.18"]
[Round "1.62"]
[White "Soliva Ruiz, Ramon"]
[Black "Tahiri, Daut"]
[Result "0-1"]
[WhiteElo "1620"]
[BlackElo "2114"]
[PlyCount "96"]
[EventDate "2012.??.??"]
[WhiteTeam "Valencia"]
[BlackTeam "SK Tempelhof 1931 e.V."]

1. d4 e6 2. c4 Nf6 3. Nf3 c5 4. Bg5 Be7 5. e3 cxd4 6. Nxd4 Qa5+ 7. Nd2 Qxg5 8.
N4f3 Qa5 9. a3 Qc7 10. Bd3 O-O 11. O-O b6 12. Qe2 Bb7 13. Rac1 d6 14. b4 Nbd7
15. Rfd1 e5 16. Bb1 a5 17. b5 Nc5 18. Bc2 Rac8 19. a4 Nfe4 20. Nb1 f5 21. Nfd2
Rf6 22. f3 Nxd2 23. Nxd2 Rcf8 24. Kf2 Rh6 25. Rh1 f4 26. Rcg1 Bg5 27. e4 Ne6
28. Nb3 Rc8 29. Bd3 Nc5 30. Nxc5 dxc5 31. g3 fxg3+ 32. hxg3 Qd6 33. Rxh6 Bxh6
34. Kg2 Rd8 35. Rd1 Bc8 36. Bc2 Qe7 37. Rd3 Rd4 38. Rxd4 cxd4 39. Bb3 Be6 40.
Qc2 Qc5 41. g4 Bf4 42. Kh3 h5 43. Qd1 hxg4+ 44. fxg4 Kf8 45. Kg2 Qb4 46. Kf1
Bxc4+ 47. Bxc4 Qxc4+ 48. Kg2 d3 0-1

[Event "11. Lichtenberger Sommer"]
[Site "Berlin"]
[Date "2012.08.18"]
[Round "1.63"]
[White "Wirth, Heinz"]
[Black "Bastian, Reinhard"]
[Result "1-0"]
[WhiteElo "1988"]
[BlackElo "1620"]
[PlyCount "29"]
[EventDate "2012.??.??"]
[WhiteTeam "SC Weisse Dame e.V."]
[BlackTeam "vereinslos"]

1. e4 e6 2. d4 d5 3. Nd2 Nf6 4. e5 Nfd7 5. Bd3 c5 6. c3 Nc6 7. Ngf3 Qb6 8. O-O
c4 9. Bc2 Be7 10. b3 cxb3 11. axb3 O-O 12. Re1 Qd8 13. Nf1 b5 14. Qd3 b4 15.
Qxh7# 1-0

[Event "11. Lichtenberger Sommer"]
[Site "Berlin"]
[Date "2012.08.18"]
[Round "1.64"]
[White "Hesselbarth, Karlheinz"]
[Black "Hahlbohm, Matthias"]
[Result "0-1"]
[WhiteElo "1793"]
[BlackElo "2065"]
[PlyCount "74"]
[EventDate "2012.??.??"]
[WhiteTeam "SC Zugzwang 95 e.V."]
[BlackTeam "TSG Oberschöneweide e.V."]

1. d4 c5 2. c3 d5 3. Nf3 e6 4. Bf4 Nc6 5. Nbd2 f5 6. e3 Nf6 7. Bd3 Be7 8. dxc5
Bxc5 9. O-O O-O 10. b4 Bd6 11. Bxd6 Qxd6 12. b5 Ne7 13. Nb3 e5 14. Nfd2 Be6 15.
c4 Rad8 16. c5 Qc7 17. a4 Ne4 18. Rc1 Nxd2 19. Qxd2 d4 20. Bc4 Bxc4 21. Rxc4 d3
22. e4 Ng6 23. exf5 Rxf5 24. Re4 Qf7 25. Nc1 Qd5 26. Re3 Nf4 27. f3 Qxc5 28.
Rf2 Rf7 29. Kf1 Rc7 30. Re1 Qc4 31. Rd1 h6 32. Ke1 Kh8 33. Qa2 d2+ 34. Rfxd2
Rxd2 35. Kxd2 Qd4+ 36. Ke1 Qg1+ 37. Kd2 Qf2+ 0-1

[Event "11. Lichtenberger Sommer"]
[Site "Berlin"]
[Date "2012.08.18"]
[Round "1.65"]
[White "Badestein, Hartmut"]
[Black "Pöltelt, Helmut"]
[Result "1-0"]
[WhiteElo "2099"]
[BlackElo "1732"]
[PlyCount "61"]
[EventDate "2012.??.??"]
[WhiteTeam "SC Friesen Lichtenberg e.V."]
[BlackTeam "SC Rochade e.V."]

1. e4 c5 2. Nc3 Nc6 3. f4 e6 4. Bc4 a6 5. a4 Nge7 6. Ba2 Qc7 7. d3 b6 8. Nf3
Bb7 9. O-O Rc8 10. f5 Nb4 11. fxe6 dxe6 12. Ng5 Nxa2 13. Rxa2 Ng6 14. Nxf7 Qxf7
15. Rxf7 Kxf7 16. Qf3+ Ke8 17. Qg4 Rc6 18. Ra1 Bc8 19. Bd2 Bd6 20. Rf1 Rf8 21.
Qh5 Rxf1+ 22. Kxf1 Kf7 23. Ne2 Kg8 24. Nf4 Nf8 25. g3 Rc7 26. Bc3 Rf7 27. Kg2
Bxf4 28. gxf4 Rxf4 29. Qe8 Bd7 30. Qb8 Bxa4 31. Qxf4 1-0

[Event "11. Lichtenberger Sommer"]
[Site "Berlin"]
[Date "2012.08.18"]
[Round "1.66"]
[White "Krawatzki, Armin"]
[Black "Montolio Benedicto, Cesar"]
[Result "0-1"]
[WhiteElo "1752"]
[BlackElo "1956"]
[PlyCount "88"]
[EventDate "2012.??.??"]
[WhiteTeam "SVG Läufer Reinickendorf e.V."]
[BlackTeam "Madrid"]

1. Nf3 Nf6 2. d4 g6 3. Nc3 d5 4. Bf4 c6 5. e3 Bg7 6. Be2 Nbd7 7. Qd2 Nh5 8. Bg3
Nxg3 9. hxg3 e5 10. dxe5 Nxe5 11. O-O-O Nxf3 12. Bxf3 Be6 13. Rh4 Qa5 14. Kb1
Bxc3 15. Qxc3 Qxc3 16. bxc3 Kf8 17. g4 Kg7 18. g5 h6 19. gxh6+ Rxh6 20. Rxh6
Kxh6 21. Rh1+ Kg5 22. Be2 Bg4 23. Bd3 Be6 24. Kb2 Kf6 25. Rh4 Kg7 26. a4 Rh8
27. Rxh8 Kxh8 28. a5 Kg7 29. Ka3 Kf6 30. Kb4 Ke7 31. Kc5 Kd7 32. c4 dxc4 33.
Bxc4 b6+ 34. axb6 axb6+ 35. Kb4 c5+ 36. Kc3 Bxc4 37. Kxc4 Kc6 38. e4 b5+ 39.
Kb3 g5 40. g3 g4 41. Kc3 Kd6 42. Kd3 Ke5 43. c3 b4 44. cxb4 cxb4 0-1

[Event "11. Lichtenberger Sommer"]
[Site "Berlin"]
[Date "2012.08.18"]
[Round "1.67"]
[White "Sabrowski, Uwe"]
[Black "Kasper, Peter"]
[Result "1-0"]
[WhiteElo "2114"]
[BlackElo "1822"]
[PlyCount "51"]
[EventDate "2012.??.??"]
[WhiteTeam "SC Friesen Lichtenberg e.V."]
[BlackTeam "SG Eckturm"]

1. d4 d5 2. Nf3 e6 3. c4 Nf6 4. Nc3 Be7 5. Bg5 O-O 6. e3 c5 7. Bd3 cxd4 8. exd4
dxc4 9. Bxc4 h6 10. Bh4 Nbd7 11. O-O Nd5 12. Bxe7 Nxe7 13. Qe2 Nf6 14. Rfd1
Ned5 15. Rac1 b6 16. Ne4 Bb7 17. Ne5 Nf4 18. Nxf6+ Qxf6 19. Qg4 h5 20. Qg3 Rfd8
21. Bf1 h4 22. Qg4 g5 23. Rc7 Be4 24. Rxf7 Qxe5 25. dxe5 Rxd1 26. Rxf4 1-0

[Event "11. Lichtenberger Sommer"]
[Site "Berlin"]
[Date "2012.08.18"]
[Round "1.68"]
[White "Lämmel, Claus-Peter"]
[Black "Mai, Andreas"]
[Result "0-1"]
[WhiteElo "1580"]
[BlackElo "1990"]
[PlyCount "142"]
[EventDate "2012.??.??"]
[WhiteTeam "SV Cranzahl 1962"]
[BlackTeam "SC Friesen Lichtenberg e.V."]

1. f4 Nf6 2. Nf3 g6 3. e3 Bg7 4. d4 O-O 5. c4 d6 6. Bd3 Bg4 7. h3 Bxf3 8. Qxf3
Nc6 9. Nc3 e5 10. fxe5 dxe5 11. d5 Ne7 12. e4 Nd7 13. O-O f5 14. Bg5 f4 15.
Rad1 h6 16. Bh4 g5 17. Bf2 Nf6 18. c5 Ng6 19. d6 c6 20. d7 Qe7 21. Bc4+ Kh7 22.
Rd6 Rad8 23. Rfd1 Rxd7 24. Be6 Rxd6 25. Rxd6 Ne8 26. Bf5 Nxd6 27. cxd6 Qxd6 28.
h4 Kh8 29. hxg5 Ne7 30. Bh3 hxg5 31. Bxa7 Qh6 32. Nd1 Ng6 33. Bc5 Nh4 34. Qg4
Rf7 35. Nf2 Bf8 36. Qc8 Kh7 37. Be6 Bxc5 38. Bxf7 Qg7 39. Be6 Kh6 40. Kf1 Bxf2
41. Kxf2 Ng6 42. Bf5 Qe7 43. Qe6 Qxe6 44. Bxe6 Kh5 45. b4 g4 46. a4 g3+ 47. Kf1
Ne7 48. Ke2 Kg5 49. Bd7 Kf6 50. Bg4 Kf7 51. Bd7 Kf8 52. Kf3 Ng6 53. Ke2 Ke7 54.
Bc8 b6 55. a5 bxa5 56. bxa5 Kd8 57. Be6 Kc7 58. Bc4 Kd6 59. a6 Kc7 60. Kf1 Kb6
61. Ke2 Nf8 62. Kf3 Nd7 63. Ke2 Nc5 64. Kf3 Nxa6 65. Kg4 Nc5 66. Kf5 f3 67. Bf1
fxg2 68. Bxg2 Nd7 69. Kg4 Kc5 70. Kxg3 Kd4 71. Kf3 Nf6 0-1

[Event "11. Lichtenberger Sommer"]
[Site "Berlin"]
[Date "2012.08.18"]
[Round "1.69"]
[White "Reichert, Lutz"]
[Black "Konrad, Erhard"]
[Result "0-1"]
[WhiteElo "1733"]
[BlackElo "1956"]
[PlyCount "112"]
[EventDate "2012.??.??"]
[WhiteTeam "Schwarz-Weiß Neukölln e.V."]
[BlackTeam "SG Lasker Steglitz-Wilmersdorf"]

1. c4 f5 2. g3 Nf6 3. Nc3 e6 4. Bg2 d5 5. cxd5 exd5 6. Nf3 c6 7. d4 Bd6 8. Bg5
h6 9. Bxf6 Qxf6 10. e3 O-O 11. a3 b6 12. O-O Bb7 13. b4 a6 14. Qb3 Kh8 15. a4
Nd7 16. Rfd1 b5 17. a5 g5 18. Qc2 Rae8 19. Rab1 Rf7 20. Na2 Nf8 21. Re1 Ng6 22.
Re2 Rfe7 23. Rbe1 Kg7 24. Nd2 h5 25. Nb3 Rh8 26. f3 h4 27. e4 fxe4 28. fxe4
dxe4 29. Rf2 Qe6 30. Nc5 Bxc5 31. dxc5 hxg3 32. Qc3+ Qe5 33. Qxg3 Qxg3 34. hxg3
Rhe8 35. Rfe2 e3 36. Nc1 Ne5 37. Nb3 Nd3 38. Rf1 Nxb4 39. Nd4 Re5 40. Nf5+ Kg6
41. Nd6 R8e7 42. Be4+ Rxe4 43. Nxe4 Rxe4 44. Rf8 Nd5 45. Rb8 Re7 46. Rg8+ Kf6
47. Kg2 Rc7 48. Re1 Bc8 49. Rf1+ Ke5 50. Rxg5+ Kd4 51. Rc1 Kd3 52. Re5 Rf7 53.
Ra1 Bg4 54. Ra3+ Kd4 55. Rg5 Bf3+ 56. Kf1 Rh7 0-1

[Event "11. Lichtenberger Sommer"]
[Site "Berlin"]
[Date "2012.08.18"]
[Round "1.70"]
[White "Guenther, Thomas"]
[Black "Heinrich, Wesko"]
[Result "1-0"]
[WhiteElo "2085"]
[BlackElo "1555"]
[PlyCount "57"]
[EventDate "2012.??.??"]
[WhiteTeam "SV Senat e.V."]
[BlackTeam "SG Narva Berlin e.V."]

1. d4 d5 2. Nf3 c6 3. e3 Nf6 4. Bd3 Bg4 5. c4 e6 6. Qb3 Qc7 7. Ne5 Bh5 8. Nc3
Nbd7 9. cxd5 Nxe5 10. dxe5 Nxd5 11. O-O Nb6 12. f4 O-O-O 13. Bc2 Be7 14. a4 Nd5
15. a5 g5 16. Ne4 gxf4 17. exf4 Rhg8 18. Kh1 Rg6 19. Ng3 Bg4 20. Bxg6 hxg6 21.
Ne4 Rh8 22. Bd2 Qd8 23. Qc4 Rh7 24. Nf2 Bf5 25. a6 Nb6 26. axb7+ Kxb7 27. Qa6+
Kc7 28. Qxa7+ Kc8 29. Be3 1-0

[Event "11. Lichtenberger Sommer"]
[Site "Berlin"]
[Date "2012.08.18"]
[Round "1.71"]
[White "Remboldt, Viktor"]
[Black "Poseck, Steffen"]
[Result "0-1"]
[WhiteElo "1802"]
[BlackElo "2076"]
[PlyCount "42"]
[EventDate "2012.??.??"]
[WhiteTeam "Bille SC von 1924 e.V."]
[BlackTeam "BSV 63 Chemie Weißensee"]

1. e4 c5 2. Nf3 a6 3. c3 d5 4. exd5 Qxd5 5. d4 Nf6 6. Nbd2 e6 7. Bc4 Qd8 8. O-O
b5 9. Bb3 Nc6 10. Re1 cxd4 11. Nxd4 Nxd4 12. cxd4 Qxd4 13. Qf3 Bc5 14. Rd1 Ra7
15. Qg3 Rd7 16. h3 Nh5 17. Qf3 Bb7 18. Qe2 Nf4 19. Qe3 Qxe3 20. fxe3 Bxe3+ 21.
Kh2 Nxg2 0-1

[Event "11. Lichtenberger Sommer"]
[Site "Berlin"]
[Date "2012.08.18"]
[Round "1.72"]
[White "Herrmann, Markus"]
[Black "Kollars, Michael"]
[Result "1/2-1/2"]
[WhiteElo "2048"]
[BlackElo "1649"]
[PlyCount "45"]
[EventDate "2012.??.??"]
[WhiteTeam "SG Turm Leipzig"]
[BlackTeam "Delmenhorster SK V 1931"]

1. d4 c5 2. d5 e5 3. c4 d6 4. e4 f5 5. exf5 Bxf5 6. Nc3 Nf6 7. Bd3 Qd7 8. Bc2
Bxc2 9. Qxc2 Na6 10. a3 Nc7 11. Nf3 Be7 12. O-O O-O 13. Ng5 g6 14. Nce4 Nxe4
15. Nxe4 Qf5 16. Qe2 Ne8 17. Bd2 Nf6 18. f3 Kg7 19. Rad1 Nxe4 20. fxe4 Qd7 21.
Qe3 Rxf1+ 22. Rxf1 Rf8 23. Qh6+ 1/2-1/2

[Event "11. Lichtenberger Sommer"]
[Site "Berlin"]
[Date "2012.08.18"]
[Round "1.77"]
[White "Acikel, Mert"]
[Black "Fischer, Daniel"]
[Result "0-1"]
[WhiteElo "1791"]
[BlackElo "2114"]
[PlyCount "98"]
[EventDate "2012.??.??"]
[WhiteTeam "VfB Hermsdorf e.V."]
[BlackTeam "SK Oberkirch"]

1. e4 e5 2. Nf3 d6 3. d4 exd4 4. Nxd4 Nf6 5. Nc3 Be7 6. Be2 O-O 7. O-O Re8 8.
Be3 Bf8 9. f3 d5 10. Bg5 c5 11. Bxf6 gxf6 12. Nb3 d4 13. Nd5 Be6 14. Nf4 Nc6
15. Nxe6 fxe6 16. f4 Qd7 17. Bh5 Red8 18. Rf3 f5 19. Rg3+ Kh8 20. exf5 exf5 21.
Rh3 Qe6 22. Qf3 c4 23. Qg3 Qe3+ 24. Qxe3 dxe3 25. Nc1 Rd2 26. Rxe3 Bc5 27. Kf1
Bxe3 28. Ne2 Nd4 29. Nxd4 Bxd4 30. Re1 Rf2+ 31. Kg1 Re2+ 32. Kf1 Rxe1+ 33. Kxe1
Bxb2 34. Bf7 Bc3+ 35. Ke2 Rd8 36. Bxc4 Rd2+ 37. Ke3 Rxc2 38. Kd3 Rc1 39. Be6
Ba5 40. Bxf5 Kg7 41. Be4 b5 42. Kd4 Bb6+ 43. Ke5 Bc7+ 44. Kf5 Rc5+ 45. Ke6 Bxf4
46. g3 Re5+ 47. Kd7 Rxe4 48. gxf4 Rxf4 49. Kc6 a6 0-1

[Event "11. Lichtenberger Sommer"]
[Site "Berlin"]
[Date "2012.08.18"]
[Round "1.78"]
[White "Grothe, Michael"]
[Black "Keusch, Horst"]
[Result "0-1"]
[WhiteElo "1260"]
[BlackElo "2003"]
[PlyCount "92"]
[EventDate "2012.??.??"]
[WhiteTeam "SK König Tegel 1949 e.V."]
[BlackTeam "SC Friesen Lichtenberg e.V."]

1. e4 g6 2. Nf3 c6 3. Bc4 d5 4. exd5 cxd5 5. Be2 Bg7 6. d4 Nc6 7. Be3 Nf6 8.
Nc3 O-O 9. O-O Bg4 10. h3 Bf5 11. Bd3 Rc8 12. Re1 Bxd3 13. Qxd3 Nb4 14. Qd2 a5
15. a3 Nc6 16. Rab1 e6 17. b4 axb4 18. axb4 Ne8 19. Ne2 Nd6 20. c3 Nc4 21. Qd3
Ra8 22. Nd2 Nxd2 23. Qxd2 b5 24. Ng3 Qd7 25. Nf1 Ra4 26. Qb2 Rfa8 27. Ra1 Ne7
28. Rxa4 Rxa4 29. Nd2 Qa7 30. Nb3 Nf5 31. Na5 Qc7 32. Nb3 Qc4 33. Ra1 Nxe3 34.
fxe3 Rxa1+ 35. Nxa1 Bh6 36. Qd2 Bg5 37. Nc2 Qb3 38. Qd3 Qb1+ 39. Kh2 Be7 40.
Qe2 Bd6+ 41. g3 h5 42. h4 Kg7 43. Ne1 Qc1 44. Nc2 g5 45. Kh3 Qh1+ 46. Qh2 g4#
0-1

[Event "11. Lichtenberger Sommer"]
[Site "Berlin"]
[Date "2012.08.18"]
[Round "1.79"]
[White "Barwich, Alfred"]
[Black "Schreiber, Ben-Luca"]
[Result "1-0"]
[WhiteElo "2011"]
[BlackElo "1677"]
[PlyCount "83"]
[EventDate "2012.??.??"]
[WhiteTeam "SV Berolina Mitte e.V."]
[BlackTeam "SG Lasker Steglitz-Wilmersdorf"]

1. d4 Nf6 2. c4 g6 3. Nc3 d6 4. e4 Bg7 5. f3 O-O 6. Be3 Nbd7 7. Qd2 c5 8. dxc5
Nxc5 9. O-O-O Qc7 10. g4 Nfd7 11. h4 Ne5 12. Be2 Ncd7 13. Nd5 Qd8 14. Bg5 f6
15. Be3 Nb6 16. b3 Nxd5 17. cxd5 Bd7 18. Kb1 a5 19. Nh3 a4 20. b4 a3 21. Nf2
Qc8 22. Rc1 Qd8 23. f4 Nf7 24. h5 gxh5 25. Rxh5 Be8 26. Rh2 Qd7 27. Rch1 h6 28.
Rc1 Nh8 29. f5 Qa4 30. Bxh6 Bxh6 31. Rxh6 Bb5 32. Bxb5 Qxb5 33. Rch1 Kg7 34.
Rh7+ Kg8 35. Rxh8+ Kf7 36. R1h7+ Ke8 37. Rxf8+ Kxf8 38. Rh8+ Kf7 39. Rxa8 Qf1+
40. Nd1 Qf3 41. Nc3 Qf1+ 42. Kc2 1-0

[Event "11. Lichtenberger Sommer"]
[Site "Berlin"]
[Date "2012.08.18"]
[Round "1.80"]
[White "Möller, Dirk"]
[Black "Eichler, Jan-Christoph"]
[Result "0-1"]
[WhiteElo "1686"]
[BlackElo "2095"]
[PlyCount "54"]
[EventDate "2012.??.??"]
[WhiteTeam "SC Kreuzberg e.V."]
[BlackTeam "Schachclub Oranienburg e.V."]

1. e4 e6 2. d4 d5 3. Nc3 Nf6 4. e5 Nfd7 5. f4 c5 6. Nf3 Nc6 7. Bb5 Qb6 8. Be3
a6 9. Bxc6 bxc6 10. Na4 Qa5+ 11. c3 cxd4 12. Nxd4 c5 13. b4 cxb4 14. Nc6 Qb5
15. Nxb4 Bxb4 16. cxb4 Qxb4+ 17. Kf2 Rb8 18. Rc1 O-O 19. Re1 f6 20. exf6 Nxf6
21. Nc3 Bd7 22. Bd4 Nh5 23. g3 Nxf4 24. gxf4 Rxf4+ 25. Ke3 Rbf8 26. Rb1 Rf3+
27. Ke2 Qc4+ 0-1

[Event "11. Lichtenberger Sommer"]
[Site "Berlin"]
[Date "2012.08.18"]
[Round "1.81"]
[White "Witte, Ronald"]
[Black "Günther, Boris"]
[Result "1-0"]
[WhiteElo "2034"]
[BlackElo "1433"]
[PlyCount "95"]
[EventDate "2012.??.??"]
[WhiteTeam "BSV 63 Chemie Weißensee"]
[BlackTeam "SF Friedrichshagen"]

1. Nf3 Nf6 2. g3 d5 3. c4 c6 4. Bg2 dxc4 5. O-O Bf5 6. Nc3 e6 7. Nh4 Bg4 8. h3
Bh5 9. g4 Nxg4 10. hxg4 Bxg4 11. Nf3 Bxf3 12. Bxf3 Qg5+ 13. Bg2 Qh4 14. d4 Bd6
15. f4 g5 16. e4 Bxf4 17. Bxf4 gxf4 18. Qf3 Nd7 19. Qxf4 Qxf4 20. Rxf4 e5 21.
dxe5 Nxe5 22. Rf5 Ng6 23. Raf1 Rf8 24. Rh5 Rd8 25. Rxh7 Rd2 26. Rf2 Rxf2 27.
Kxf2 Ne5 28. Ke3 Rg8 29. Bf1 Rg3+ 30. Kf4 Rf3+ 31. Kxe5 Rxf1 32. Rh2 Ke7 33.
Kd4 b5 34. Kc5 Rf6 35. Rd2 Rg6 36. e5 Re6 37. Rd6 Rxe5+ 38. Kxc6 a6 39. Nd5+
Kf8 40. Rd8+ Kg7 41. Ra8 Re2 42. Rxa6 Rxb2 43. Kc5 f5 44. Kd4 Rd2+ 45. Ke5 c3
46. Nxc3 b4 47. Nd5 Rf2 48. Nxb4 1-0

[Event "11. Lichtenberger Sommer"]
[Site "Berlin"]
[Date "2012.08.18"]
[Round "1.82"]
[White "Köhler, Hans-Christian"]
[Black "Heerde, Thomas"]
[Result "0-1"]
[WhiteElo "1431"]
[BlackElo "1969"]
[PlyCount "116"]
[EventDate "2012.??.??"]
[WhiteTeam "Schachgemeinschaft 2011 Sennewit"]
[BlackTeam "SC Weisse Dame e.V."]

1. Nf3 Nf6 2. g3 g6 3. Bg2 Bg7 4. O-O O-O 5. d3 d6 6. e4 e5 7. b3 Nbd7 8. Bb2
Nc5 9. Nbd2 a5 10. a4 Bd7 11. Ba3 Ne6 12. Rb1 Ng4 13. Ne1 f5 14. exf5 gxf5 15.
Bxb7 Rb8 16. Bd5 Kh8 17. Bxe6 Bxe6 18. Qe2 Bd5 19. f3 Nf6 20. Nc4 c5 21. Qd2
Ra8 22. Qg5 Be6 23. Ng2 Qc7 24. Qe3 Nd5 25. Qd2 Ne7 26. f4 e4 27. Nge3 Ra6 28.
dxe4 fxe4 29. Bb2 Bxb2 30. Nxb2 d5 31. Qe2 Qa7 32. c4 d4 33. Ng2 Qb7 34. Nd1
Rg8 35. Re1 e3 36. Qh5 Qe4 37. Qe5+ Qxe5 38. fxe5 Bf5 39. Rb2 Re6 40. Ndxe3
dxe3 41. Rxe3 Nc6 42. Rd2 Rge8 43. Nh4 Bh3 44. Nf3 Rf8 45. Rf2 h6 46. Nh4 Rxf2
47. Kxf2 Kg7 48. g4 Bxg4 49. Rg3 Nxe5 50. h3 h5 51. hxg4 Rf6+ 52. Ke3 Nxg4+ 53.
Ke4 Kh6 54. Nf5+ Kg5 55. Ne3 Re6+ 56. Kd3 Rxe3+ 57. Rxe3 Nxe3 58. Kxe3 Kf5 0-1

[Event "11. Lichtenberger Sommer"]
[Site "Berlin"]
[Date "2012.08.18"]
[Round "1.83"]
[White "Hansen, Rene Rauer"]
[Black "Kramer, Ralf"]
[Result "1-0"]
[WhiteElo "2047"]
[BlackElo "1633"]
[PlyCount "93"]
[EventDate "2012.??.??"]
[WhiteTeam "Laeseforeningens Skakklub"]
[BlackTeam "SV Königsjäger Süd-West e.V."]

1. d4 Nf6 2. c4 e5 3. dxe5 Ng4 4. Nf3 Bc5 5. e3 Nc6 6. Be2 O-O 7. O-O Re8 8. b3
Ngxe5 9. Bb2 Nxf3+ 10. Bxf3 a5 11. Nc3 Ne5 12. Nd5 Ra6 13. g3 Nxf3+ 14. Qxf3
Rh6 15. a3 d6 16. b4 Ba7 17. Rfd1 c6 18. Nf4 Bb8 19. Rd4 Qg5 20. Ng2 Rh3 21.
Rad1 Qh6 22. Rh4 Rxh4 23. Nxh4 Qe6 24. Qf4 Bd7 25. Qd4 f6 26. Qd3 Qg4 27. Rd2
Be6 28. e4 Bd7 29. f3 Qh3 30. Ng2 d5 31. cxd5 Rd8 32. dxc6 bxc6 33. Qc4+ Kf8
34. Qc5+ Ke8 35. bxa5 Bxg3 36. hxg3 Qxg3 37. Qh5+ Ke7 38. Qc5+ Ke8 39. Qf2 Qg5
40. Bc3 Rb8 41. Bb4 Rb5 42. Qd4 Bh3 43. Qd6 Kf7 44. Qf4 Qh5 45. a6 c5 46. Qc7+
Kg6 47. Nf4+ 1-0

[Event "11. Lichtenberger Sommer"]
[Site "Berlin"]
[Date "2012.08.18"]
[Round "1.84"]
[White "Bensch, Wolfgang"]
[Black "Kutzner, Stephen"]
[Result "0-1"]
[WhiteElo "1665"]
[BlackElo "2036"]
[PlyCount "70"]
[EventDate "2012.??.??"]
[WhiteTeam "SC Eintracht Berlin e.V."]
[BlackTeam "Godesberger Schachklub 1929 e.V."]

1. d4 Nf6 2. Nf3 d5 3. g3 e6 4. Bg2 Be7 5. O-O O-O 6. Re1 c5 7. c3 Nc6 8. e3
Qc7 9. Nbd2 e5 10. dxe5 Nxe5 11. Nxe5 Qxe5 12. Qe2 Bg4 13. f3 Be6 14. a3 Rfe8
15. Nf1 Rad8 16. Bd2 a6 17. Rad1 b5 18. Bc1 Bc8 19. Qc2 Bd6 20. Qf2 Qh5 21. b4
Bh3 22. Bxh3 Qxh3 23. Qg2 Qf5 24. Bb2 a5 25. bxa5 Ra8 26. e4 dxe4 27. Rxd6 exf3
28. Rxe8+ Rxe8 29. Rxf6 Qxf6 30. c4 fxg2 31. Bxf6 gxf1=Q+ 32. Kxf1 gxf6 33.
cxb5 c4 34. a6 c3 35. a7 c2 0-1

[Event "11. Lichtenberger Sommer"]
[Site "Berlin"]
[Date "2012.08.18"]
[Round "1.87"]
[White "Schmidt, Jürgen"]
[Black "Winz, Michael"]
[Result "1-0"]
[WhiteElo "2055"]
[BlackElo "1663"]
[PlyCount "91"]
[EventDate "2012.??.??"]
[WhiteTeam "SC Kreuzberg e.V."]
[BlackTeam "SC Friesen Lichtenberg e.V."]

1. e4 e5 2. Nf3 Nc6 3. Bb5 a6 4. Ba4 Nf6 5. O-O b5 6. Bb3 Be7 7. Re1 O-O 8. c3
d5 9. exd5 Nxd5 10. Nxe5 Nxe5 11. Rxe5 c6 12. d4 Bd6 13. Re1 Qh4 14. g3 Qh3 15.
Qf3 Bg4 16. Qg2 Rfe8 17. Be3 Nxe3 18. Qxh3 Bxh3 19. Rxe3 Rxe3 20. fxe3 Re8 21.
Kf2 c5 22. Nd2 c4 23. Bc2 Re6 24. e4 Rh6 25. a4 Bd7 26. Kg1 b4 27. Nxc4 Be7 28.
Ne5 Be6 29. Bd3 Bh3 30. Bf1 Bc8 31. Bc4 Rf6 32. Rf1 Rxf1+ 33. Kxf1 Be6 34. Bxe6
fxe6 35. Nc6 bxc3 36. Nxe7+ Kf7 37. bxc3 Kxe7 38. Ke2 Kd6 39. Kd3 Kc6 40. c4
Kb6 41. Kc3 a5 42. c5+ Kc6 43. Kc4 h5 44. d5+ exd5+ 45. exd5+ Kb7 46. Kb5 1-0

[Event "11. Lichtenberger Sommer"]
[Site "Berlin"]
[Date "2012.08.18"]
[Round "1.88"]
[White "Stiewe, Frank"]
[Black "Hohn, August"]
[Result "0-1"]
[WhiteElo "1679"]
[BlackElo "2004"]
[PlyCount "84"]
[EventDate "2012.??.??"]
[WhiteTeam "vereinslos"]
[BlackTeam "SC Zugzwang 95 e.V."]

1. e4 c6 2. d4 d5 3. Bd3 dxe4 4. Bxe4 Nf6 5. Bf3 Bf5 6. Be3 e6 7. g3 Bd6 8. Nd2
Nbd7 9. Bg2 O-O 10. c3 Re8 11. f4 Ng4 12. Qf3 Ndf6 13. Nh3 b5 14. Nf2 Nxe3 15.
Qxe3 Rc8 16. O-O c5 17. Nb3 cxd4 18. Nxd4 Bc5 19. Rfd1 Qb6 20. b4 Bxd4 21. Qxd4
Qxd4 22. cxd4 Nd5 23. a3 Ne3 24. Rd2 Rc7 25. Bh1 Rec8 26. Ne4 Rc1+ 27. Rxc1
Rxc1+ 28. Kf2 Rxh1 29. Kxe3 Re1+ 30. Re2 Rxe2+ 31. Kxe2 Bxe4 32. Ke3 Bd5 33. h4
h5 34. Kd2 Kf8 35. Ke3 Ke7 36. Kd2 Kf6 37. Ke2 Kf5 38. Ke3 Kg4 39. Kf2 Bc4 40.
Ke3 Kxg3 41. Ke4 f6 42. f5 Bd5+ 0-1

[Event "11. Lichtenberger Sommer"]
[Site "Berlin"]
[Date "2012.08.18"]
[Round "1.89"]
[White "Richter, Götz"]
[Black "Paris, Gerhard"]
[Result "1-0"]
[WhiteElo "2019"]
[BlackElo "1615"]
[PlyCount "87"]
[EventDate "2012.??.??"]
[WhiteTeam "Klub Kölner Schachfreunde e.V. 1"]
[BlackTeam "TSG Oberschöneweide e.V."]

1. e4 e5 2. Nf3 d6 3. d4 exd4 4. Nxd4 g6 5. Nc3 Bg7 6. Be3 Ne7 7. Qd2 O-O 8.
O-O-O Nbc6 9. h4 Nxd4 10. Bxd4 Bxd4 11. Qxd4 Nc6 12. Qd2 Be6 13. Nd5 Bxd5 14.
exd5 Ne5 15. Rh3 Qd7 16. Be2 Rae8 17. Rb3 a6 18. Kb1 b5 19. Ra3 Ra8 20. Rh1 Qf5
21. f3 Rfb8 22. g4 Qf6 23. Re3 Nc4 24. Bxc4 bxc4 25. c3 Rb6 26. Qd4 Qxd4 27.
cxd4 Kf8 28. Rc1 Rab8 29. Rc2 Rb4 30. Rec3 Re8 31. Kc1 Re1+ 32. Kd2 Rh1 33.
Rxc4 Rh2+ 34. Kd3 Rxc2 35. Rxc2 Rb7 36. b3 Ke7 37. Rc6 Ra7 38. Kc4 Kd7 39. Kb4
f6 40. Ka5 h6 41. Rxa6 Rxa6+ 42. Kxa6 Kc8 43. b4 h5 44. gxh5 1-0